<?xml version="1.0" encoding="UTF-8"?>
<collection xmlns="http://www.loc.gov/MARC21/slim">
 <record>
  <leader>     na                 </leader>
  <controlfield tag="001">INLIS000000000019198</controlfield>
  <controlfield tag="005">20230104100016</controlfield>
  <datafield tag="035" ind1=" " ind2=" ">
   <subfield code="a">0010-0123000081</subfield>
  </datafield>
  <controlfield tag="007">ta</controlfield>
  <controlfield tag="008">230104                g          0 ind  </controlfield>
  <datafield tag="020" ind1=" " ind2=" ">
   <subfield code="a">978-979-29-9817-7</subfield>
  </datafield>
  <datafield tag="082" ind1=" " ind2=" ">
   <subfield code="a">174.4</subfield>
  </datafield>
  <datafield tag="084" ind1=" " ind2=" ">
   <subfield code="a">174.4 WIJ e</subfield>
  </datafield>
  <datafield tag="100" ind1="1" ind2=" ">
   <subfield code="a">Wijaya, Nikodemus Hans Setiadi</subfield>
   <subfield code="e">Pengarang</subfield>
  </datafield>
  <datafield tag="245" ind1="1" ind2=" ">
   <subfield code="a">Etika Bisnis :</subfield>
   <subfield code="b">Panduan Bisnis Berwawasan Lingkungan Bagi Profesional Indonesia</subfield>
  </datafield>
  <datafield tag="250" ind1=" " ind2=" ">
   <subfield code="a">i</subfield>
  </datafield>
  <datafield tag="300" ind1=" " ind2=" ">
   <subfield code="a">xviii + 238 halaman :</subfield>
   <subfield code="b">Ilustrasi ;</subfield>
   <subfield code="c">23</subfield>
  </datafield>
  <datafield tag="650" ind1=" " ind2="4">
   <subfield code="a">Etika Bisnis</subfield>
  </datafield>
  <datafield tag="700" ind1="1" ind2=" ">
   <subfield code="a">Al Fajar, Siti</subfield>
   <subfield code="e">Pengarang</subfield>
  </datafield>
  <datafield tag="700" ind1="1" ind2=" ">
   <subfield code="a">Tjandra, Conny</subfield>
   <subfield code="e">Pengarang</subfield>
  </datafield>
  <datafield tag="504" ind1=" " ind2=" ">
   <subfield code="a">229-233 halaman</subfield>
  </datafield>
  <datafield tag="520" ind1=" " ind2=" ">
   <subfield code="a">ETIKA BISNIS&#13;
Panduan Bisnis Berwawasan Lingkungan Bagi Profesional Indonesia&#13;
&#13;
Persaingan bisnis yang makin keras terutama di tingkat global, tidak hanya menjadikan para pelaku usaha untuk selalu waspada dan kreatif, tetapi juga membawa dampak yang tidak menguntungkan bagi lingkungan hidup dan kemaslahatan manusia. Keinginan untuk memenangkan persaingan ini berimplikasi pada banyaknya tindakan pelaku usaha yang cenderung mengabaikan prinsip-prinsip bisnis yang baik dan etis. Akibatnya, kerusakan lingkungan makin besar dan terjadi di banyak tempat disertai dengan tindakan destruktif serta tidak bermoral lainnya termasuk suap, jual-beli perizinan usaha, korupsi, dan lain sebagainya. Dengan demikian, untuk menjadikan lingkungan tetap terjaga guna mendukung kehidupan manusia, hewan, dan tumbuhan secara berkelanjutandukan prinsip-prinsip bisnis yang mengutamakan kepentingan masyarakat people), kelestarian lingkungan alam (planet), dan laba untuk menjaga kelangsungan bisnis di masa mendatang (profit).&#13;
&#13;
Materi buku ini memuat prinsip-prinsip bisnis yang etis yang perlu dijalankan oleh setiap pelaku usaha atau perusahaan di Indonesia. Buku ini ditulis dengan mengedepankan keseimbangan antara konsep dan praktik sehingga memberikan acuan praktis bagi pelaku usaha tanpa meninggalkan teori dasar etika.</subfield>
  </datafield>
  <datafield tag="264" ind1=" " ind2=" ">
   <subfield code="a">Yogyakarta :</subfield>
   <subfield code="b">Andi,</subfield>
   <subfield code="c">2019</subfield>
  </datafield>
  <datafield tag="336" ind1=" " ind2=" ">
   <subfield code="2">rdacontent</subfield>
   <subfield code="a">teks</subfield>
  </datafield>
  <datafield tag="337" ind1=" " ind2=" ">
   <subfield code="2">rdamedia</subfield>
   <subfield code="a">tanpa pelantara</subfield>
  </datafield>
  <datafield tag="338" ind1=" " ind2=" ">
   <subfield code="2">rdacarrier</subfield>
   <subfield code="a">lembar</subfield>
  </datafield>
  <datafield tag="990" ind1=" " ind2=" ">
   <subfield code="a">070875</subfield>
  </datafield>
  <datafield tag="990" ind1=" " ind2=" ">
   <subfield code="a">070873</subfield>
  </datafield>
  <datafield tag="990" ind1=" " ind2=" ">
   <subfield code="a">070874</subfield>
  </datafield>
 </record>
</collection>
